| 000 | 02044nam0a2200397 4500 | ||
|---|---|---|---|
| 001 | RU\NLR\BIBL_A\022120718 | ||
| 005 | 20240214154655.0 | ||
| 010 |
_a978-5-907608-21-4 _9500 |
||
| 021 |
_aRU _bКН-П-23-077393 _9КН-П-23-7826 |
||
| 035 | _a(NLR Aleph) 022120718 | ||
| 035 | _a(RuMoRGB)012310515 | ||
| 090 |
_a12806301 _c12806301 |
||
| 100 | _a20240131d2024 u y0rusy50 ca | ||
| 101 | 0 | _arus | |
| 102 | _aRU | ||
| 105 | _aa j 000yy | ||
| 181 | 0 |
_ai3 _baxxe |
|
| 182 | 1 | _an | |
| 200 | 1 |
_aПсихологическая безопасность: психодиагностика _eучебное пособие _fП. А. Кисляков, Е. А. Шмелева |
|
| 203 |
_aТекст _bвизуальный _cнепосредственный |
||
| 210 |
_aКрасноярск _cНаучно-инновационный центр _d2024 [т. е. 2023] |
||
| 215 |
_a269 с. _cил., табл. _d22 |
||
| 300 | _aНа 4-й с. обл. авт.: П. А. Кисляков, Е. А. Шмелева, доктора психол. наук, профессора | ||
| 300 | _aФактическая дата выхода в свет - 2023 | ||
| 300 | _aЭлектронная версия: DOI: 10.12731/978-5-907608-21-4 | ||
| 320 | _aБиблиогр.: с. 255-269 | ||
| 606 | 1 |
_aПсихологическая безопасность _jУчебные издания для высших учебных заведений _2nlr_sh1 _2nlr_sh2 _3RU\NLR\AUTH\661482336 |
|
| 686 | 1 | _aЮ948.1-8я73 | |
| 686 | 1 | _aЮ93-68я73 | |
| 700 | 1 |
_aКисляков _bП. А. _gПавел Александрович |
|
| 701 | 1 |
_aШмелева _bЕ. А. _cд-р психол. наук, канд. пед. наук _gЕлена Александровна _3RU\NLR\AUTH\770149799 |
|
| 856 | 4 |
_qapplication/pdf _s[272] с. _uhttp://dlib.rsl.ru/rsl01012000000/rsl01012310000/rsl01012310515/rsl01012310515.pdf _yЧитать |
|
| 942 | _cBOOK | ||
| 980 | _aNB | ||